00417nam a22001697a 4500003000700000005001700007008004100024020001800065082002000083100003200103245003100135250001100166260002500177300000800202490002000210650001700230MPLRDC20220104114706.0210129b ||||| |||| 00| 0 eng d a983-9190-03-2 a868.71 NYSB v.1 a王锦发、陈和锦主编 a1994小说年选: 嗥月c a初版 ab南洋商报c1995 b平 a文艺系列. 1 a马华文学